000 00649nam a2200181Ia 4500
003 GCL
008 140319s9999 xx 000 0 ara d
040 _aGCL /
_cGCL
082 0 4 _a001.6404
_bر م
100 1 _aراتب احمد قبيعة
245 1 0 _aموسوعة عالم الكمبيوتر الشخصى /
_cراتب احمد قبيعة
260 _a[S.N] :
_bدار الراتب الجامعية ،
_c1985
300 _a207 ص
490 _aالهيئة العامة للاستعلامات
_v0
650 0 4 _aالحاسبات الالكترونية
650 0 4 _aالحاسبات الالكترونية - موسوعات
942 _2ddc
_cBK
999 _c57904
_d57904